000 00645cab a2200217 4500
001 ABS46846
008 090401t1992 xxu||||| |||| 00| 0 eng d
035 _a(Sirsi) u59705
041 _aeng
245 _aDiscretionary trusts of tenanted farmland
260 _c1992
350 _a0
490 _aFarm Tax Brief
_v7(7) July 1992, 54-55(2)
520 _aProvides a detailed explanation of setting up discretionary trusts for holding tenanted farmland as a way of reducting IHT liability.
650 _aDISCRETIONARY TRUSTS
650 _aIHT
650 _aTENANTED FARMLAND
690 _aTAXATION
942 _n0
948 _c04/03/1997
999 _c36676
_d36676